| 000 | 00454nam a2200169Ia 4500 | ||
|---|---|---|---|
| 008 | 230917s9999||||xx |||||||||||||| ||und|| | ||
| 020 | _cRS295 | ||
| 040 |
_e229409 _aMAIN |
||
| 041 | _aEnglish | ||
| 082 | _a823.08 J78S | ||
| 100 | _aJoshi, Rita | ||
| 245 | 0 | _aSimla paintings and other stories | |
| 260 |
_aNew Delhi _bHeritage Publishers _c2015 |
||
| 300 | _axi, 187 p. | ||
| 500 | _a2191 03/12/2015 HBD15/1231 28/12/2015 Main Budget | ||
| 942 | _cBK | ||
| 999 |
_c16733 _d16733 |
||